| 000 | 00422nam a22001697a 4500 | ||
|---|---|---|---|
| 003 | OSt | ||
| 008 | 240203b |||||||| |||| 00| 0 eng d | ||
| 020 | _a9788183483636 | ||
| 041 | _aeng | ||
| 082 | _a658.002 ARI/IB | ||
| 100 |
_aArihant Expert team _95819 |
||
| 245 | _aIBPS Bank Clerk Success master | ||
| 260 |
_anew Delhi _bArihant Publications |
||
| 300 | _a496 | ||
| 650 |
_aBanking exam guide _95816 |
||
| 942 | _cBK | ||
| 999 |
_c13841 _d13841 |
||